000 00643nam a2200205Ia 4500
003 GCL
008 140319s9999 xx 000 0 ara d
040 _aGCL /
_cGCL
082 0 4 _a182
_bع ق
100 1 _aعثمان امين (مترجم)
245 1 0 _aالفلسفة الرواقية /
_cعثمان امين (مترجم)
260 _a[S.N] :
_bمكتبة الانجلوالمصرية ،
_c1971
300 _a396 ص
490 _a
650 0 4 _aالفلسفة
650 0 4 _aالفلسفة اليونانية
650 0 4 _aالفلسفة الغربية القديمة
650 0 4 _aالفلسفة الرواقية
942 _2ddc
_cBK
999 _c31657
_d31657